| 000 | 01031 a2200229 4500 | ||
|---|---|---|---|
| 003 | MN-UlNLM | ||
| 005 | 20220428164605.0 | ||
| 008 | a130t2002 mp ||||| |||| 00| 0 mon d | ||
| 040 | _aМонгол Улсын Үндэсний номын сан | ||
| 084 |
_a78.37 _2NNA _bБ 382 _q7 |
||
| 100 | 1 |
_aБаяраа Б., _aБат-Одон П. |
|
| 245 | 0 |
_aWINISIS гарын авлага _cРед. Б.Нарангэрэл |
|
| 250 | _a1 | ||
| 260 | 1 |
_c2002 _aУБ _bӨнгөт хэвлэл |
|
| 300 | _a127х | ||
| 546 | _aMongolia | ||
| 653 |
_aСоёл шинжлэх ухаан боловсрол _aКаталогжуулалт. Номын сангийн катологууд |
||
| 740 |
_aЭлектрон каталог. _aCDS-ISIS системийн тухай ерөнхий ойлголт. _aCDS-ISIS программыг суулгах. _aӨөр файлаас өгөгдлийн сангийн бүтцийг импортлох. _aӨгөгдөл оруулах. |
||
| 856 | _aprintbook | ||
| 942 | _cBK | ||
| 999 |
_c41651 _d41651 |
||